Moral de actitudes
Saved in:
| Hovedforfatter: | |
|---|---|
| Format: | Bog |
| Sprog: | spansk |
| Udgivet: |
Madrid
P.S
1977
|
| Serier: | Colección EAS, 17
|
| Fag: | |
| Tags: |
Tilføj Tag
Ingen Tags, Vær først til at tagge denne postø!
|
MARC
| LEADER | 00000cam a2200000 a 4500 | ||
|---|---|---|---|
| 001 | UCL3633 | ||
| 003 | CL-VaPUC | ||
| 008 | 031205e19770000SP |||||||||||||||||spa|d | ||
| 020 | |a 8428405530 | ||
| 020 | |a 8428405549t.1 | ||
| 020 | |a 8428403171t.3 | ||
| 020 | |a 8428402906t.2 | ||
| 082 | 0 | 4 | |a 241 |b VID |2 21 |
| 100 | |a Vidal García, Marciano |e author |9 600968 | ||
| 245 | 1 | 0 | |a Moral de actitudes |
| 300 | |a t | ||
| 942 | |c BK | ||
| 945 | |d 20031205 00:00:00 |a vberengu | ||
| 260 | |a Madrid |b P.S |c 1977 | ||
| 500 | |a t.1: Moral fundamental | ||
| 500 | |a t.2: Etica de la persona | ||
| 500 | |a t.3: Moral Social | ||
| 650 | 0 | |a Teología moral |9 256617 | |
| 583 | |a last modification |c 20181211 11:24:54 |k Rodrigo Vera | ||
| 490 | 0 | |a Colección EAS, 17 | |
| 999 | |c 306650 |d 306648 | ||
| 952 | |0 0 |1 0 |4 0 |6 241_000000000000000_VID_1977 |7 0 |8 A |9 371818 |a BIBTEO |b BIBTEO |d 2019-11-21 |h t.3 |i 2096579 |o 241 VID 1977 |p 2096579 |r 2025-01-17 |w 2019-11-21 |y BK |k ICR | ||
| 952 | |0 0 |1 0 |4 0 |6 241_000000000000000_VID_1977 |7 0 |8 A |9 371819 |a BIBTEO |b BIBTEO |d 2019-11-21 |h t.2 |i 2110946 |o 241 VID 1977 |p 2110946 |r 2025-01-17 |w 2019-11-21 |y BK |k ICR | ||
| 952 | |0 0 |1 0 |4 0 |6 241_000000000000000_VID_1977 |7 0 |8 A |9 371820 |a BIBTEO |b BIBTEO |d 2019-11-21 |h t.1 |i 2111071 |o 241 VID 1977 |p 2111071 |r 2025-01-17 |w 2019-11-21 |y BK |k ICR | ||
| 952 | |0 0 |1 0 |4 0 |6 241_000000000000000_VID_1977 |7 0 |8 A |9 371821 |a BIBTEO |b BIBTEO |d 2019-11-21 |h t.2 |i 211108K |o 241 VID 1977 |p 211108K |r 2025-01-17 |w 2019-11-21 |y BK |k ICR | ||
| 952 | |0 0 |1 0 |4 0 |6 241_000000000000000_VID_1977 |7 0 |8 A |9 371822 |a BIBTEO |b BIBTEO |d 2019-11-21 |h t.3 |i 2111098 |o 241 VID 1977 |p 2111098 |r 2025-01-17 |w 2019-11-21 |y BK |k ICR | ||
| 952 | |0 0 |1 0 |4 0 |6 241_000000000000000_VID_1977 |7 0 |8 A |9 371823 |a BIBTEO |b BIBTEO |d 2019-11-21 |h t.3 |i 4236254 |o 241 VID 1977 |p 4236254 |r 2025-01-17 |w 2019-11-21 |y BK |k ICR | ||
| 952 | |0 0 |1 0 |3 erd |4 0 |6 241_000000000000000_VID_1977 |7 0 |8 A |9 371824 |a BIBTEO |b BIBTEO |e Precht Pizarro, Jorge Enrique |h t.1 |i 5521262 |o 241 VID 1977 |p 5521262 |r 2025-01-17 |w 2019-11-21 |y BK |z Catalogado en:20181213 |k ICR | ||